00422nmm a2200133Ia 4500008004100000020001800041041001300059100002700072245003300099264006500132300001700197650002300214856005100237251105s9999||||xx |||||||||||||||||und|| a9781558852211 aspaaeng aLachtman, Ofelia Dumas 0aBig enough = Bastante grande a[Washington, Estados Unidos] :bArte Público Press, c1998 a32 páginas aAges 6-8 Years Old uhttps://public.digitaliapublishing.com/a/23118